<?xml version="1.0" encoding="UTF-8"?>
<record
    xmlns:xsi="http://www.w3.org/2001/XMLSchema-instance"
    xsi:schemaLocation="http://www.loc.gov/MARC21/slim http://www.loc.gov/standards/marcxml/schema/MARC21slim.xsd"
    xmlns="http://www.loc.gov/MARC21/slim">

  <leader>00414nam a2200145Ia 4500</leader>
  <controlfield tag="008">230411s9999    xx            000 0 und d</controlfield>
  <datafield tag="020" ind1=" " ind2=" ">
    <subfield code="a">81-86361-56-1</subfield>
  </datafield>
  <datafield tag="041" ind1=" " ind2=" ">
    <subfield code="a">eng</subfield>
  </datafield>
  <datafield tag="082" ind1=" " ind2=" ">
    <subfield code="a">P/610.7362/INA/B01051</subfield>
  </datafield>
  <datafield tag="100" ind1=" " ind2=" ">
    <subfield code="a">Inamdar Madhuri</subfield>
  </datafield>
  <datafield tag="245" ind1=" " ind2=" ">
    <subfield code="a">Question and Answers in Paediatric and Psychiatric Nursing</subfield>
  </datafield>
  <datafield tag="260" ind1=" " ind2=" ">
    <subfield code="b">Vora Medical Publications</subfield>
    <subfield code="a">Mumbai</subfield>
    <subfield code="c">2000</subfield>
  </datafield>
  <datafield tag="300" ind1=" " ind2=" ">
    <subfield code="a">163p</subfield>
  </datafield>
  <datafield tag="999" ind1=" " ind2=" ">
    <subfield code="c">152453</subfield>
    <subfield code="d">152453</subfield>
  </datafield>
  <datafield tag="952" ind1=" " ind2=" ">
    <subfield code="0">0</subfield>
    <subfield code="1">0</subfield>
    <subfield code="4">0</subfield>
    <subfield code="7">0</subfield>
    <subfield code="8">P</subfield>
    <subfield code="a">BTIN</subfield>
    <subfield code="b">BTIN</subfield>
    <subfield code="d">2003-03-20</subfield>
    <subfield code="e">B.J.Medical Co-oprative College Stores</subfield>
    <subfield code="g">70.00</subfield>
    <subfield code="i">122</subfield>
    <subfield code="l">0</subfield>
    <subfield code="o">P 610.7362 INA B01051</subfield>
    <subfield code="p">BTIN-BK-1051</subfield>
    <subfield code="r">2023-04-11 00:00:00</subfield>
    <subfield code="v">52.00</subfield>
    <subfield code="w">2003-11-19</subfield>
    <subfield code="y">BK</subfield>
    <subfield code="z">B01051</subfield>
  </datafield>
  <datafield tag="952" ind1=" " ind2=" ">
    <subfield code="0">0</subfield>
    <subfield code="1">0</subfield>
    <subfield code="4">0</subfield>
    <subfield code="7">0</subfield>
    <subfield code="8">P</subfield>
    <subfield code="a">BTIN</subfield>
    <subfield code="b">BTIN</subfield>
    <subfield code="d">2003-11-19</subfield>
    <subfield code="e">B.J.Medical Co-oprative College Stores</subfield>
    <subfield code="g">70.00</subfield>
    <subfield code="i">122</subfield>
    <subfield code="l">0</subfield>
    <subfield code="o">P 610.7362 INA B01597</subfield>
    <subfield code="p">BTIN-BK-1597</subfield>
    <subfield code="r">2023-04-11 00:00:00</subfield>
    <subfield code="v">52.00</subfield>
    <subfield code="w">2003-11-19</subfield>
    <subfield code="y">BK</subfield>
    <subfield code="z">B01597</subfield>
  </datafield>
  <datafield tag="952" ind1=" " ind2=" ">
    <subfield code="0">0</subfield>
    <subfield code="1">0</subfield>
    <subfield code="4">0</subfield>
    <subfield code="7">0</subfield>
    <subfield code="8">P</subfield>
    <subfield code="a">BTIN</subfield>
    <subfield code="b">BTIN</subfield>
    <subfield code="d">2003-11-19</subfield>
    <subfield code="e">B.J.Medical Co-oprative College Stores</subfield>
    <subfield code="g">70.00</subfield>
    <subfield code="i">122</subfield>
    <subfield code="l">0</subfield>
    <subfield code="o">P 610.7362 INA B01605</subfield>
    <subfield code="p">BTIN-BK-1605</subfield>
    <subfield code="r">2023-04-11 00:00:00</subfield>
    <subfield code="v">52.00</subfield>
    <subfield code="w">2003-11-19</subfield>
    <subfield code="y">BK</subfield>
    <subfield code="z">B01605</subfield>
  </datafield>
  <datafield tag="952" ind1=" " ind2=" ">
    <subfield code="0">0</subfield>
    <subfield code="1">0</subfield>
    <subfield code="4">0</subfield>
    <subfield code="7">0</subfield>
    <subfield code="8">P</subfield>
    <subfield code="a">BTIN</subfield>
    <subfield code="b">BTIN</subfield>
    <subfield code="d">2007-12-05</subfield>
    <subfield code="e">M.K.S.S.S I.N.E.Ratnagiri.</subfield>
    <subfield code="g">80.00</subfield>
    <subfield code="i">122</subfield>
    <subfield code="l">0</subfield>
    <subfield code="o">P 610.7362 INA B04553</subfield>
    <subfield code="p">BTIN-BK-4553</subfield>
    <subfield code="r">2023-04-11 00:00:00</subfield>
    <subfield code="v">80.00</subfield>
    <subfield code="w">2003-11-19</subfield>
    <subfield code="y">BK</subfield>
    <subfield code="z">B04553</subfield>
  </datafield>
  <datafield tag="952" ind1=" " ind2=" ">
    <subfield code="0">0</subfield>
    <subfield code="1">0</subfield>
    <subfield code="4">0</subfield>
    <subfield code="7">0</subfield>
    <subfield code="8">P</subfield>
    <subfield code="a">BTIN</subfield>
    <subfield code="b">BTIN</subfield>
    <subfield code="d">2007-12-05</subfield>
    <subfield code="e">M.K.S.S.S I.N.E.Ratnagiri.</subfield>
    <subfield code="g">80.00</subfield>
    <subfield code="i">122</subfield>
    <subfield code="l">0</subfield>
    <subfield code="o">P 610.7362 INA B04554</subfield>
    <subfield code="p">BTIN-BK-4554</subfield>
    <subfield code="r">2023-04-11 00:00:00</subfield>
    <subfield code="v">80.00</subfield>
    <subfield code="w">2003-11-19</subfield>
    <subfield code="y">BK</subfield>
    <subfield code="z">B04554</subfield>
  </datafield>
  <datafield tag="952" ind1=" " ind2=" ">
    <subfield code="0">0</subfield>
    <subfield code="1">0</subfield>
    <subfield code="4">0</subfield>
    <subfield code="7">0</subfield>
    <subfield code="8">P</subfield>
    <subfield code="a">BTIN</subfield>
    <subfield code="b">BTIN</subfield>
    <subfield code="d">2007-12-05</subfield>
    <subfield code="e">M.K.S.S.S I.N.E.Ratnagiri.</subfield>
    <subfield code="g">80.00</subfield>
    <subfield code="i">122</subfield>
    <subfield code="l">0</subfield>
    <subfield code="o">P 610.7362 INA B04555</subfield>
    <subfield code="p">BTIN-BK-4555</subfield>
    <subfield code="r">2023-04-11 00:00:00</subfield>
    <subfield code="v">80.00</subfield>
    <subfield code="w">2003-11-19</subfield>
    <subfield code="y">BK</subfield>
    <subfield code="z">B04555</subfield>
  </datafield>
  <datafield tag="952" ind1=" " ind2=" ">
    <subfield code="0">0</subfield>
    <subfield code="1">0</subfield>
    <subfield code="4">0</subfield>
    <subfield code="7">0</subfield>
    <subfield code="8">P</subfield>
    <subfield code="a">BTIN</subfield>
    <subfield code="b">BTIN</subfield>
    <subfield code="d">2007-12-05</subfield>
    <subfield code="e">M.K.S.S.S I.N.E.Ratnagiri.</subfield>
    <subfield code="g">80.00</subfield>
    <subfield code="i">122</subfield>
    <subfield code="l">0</subfield>
    <subfield code="o">P 610.7362 INA B04556</subfield>
    <subfield code="p">BTIN-BK-4556</subfield>
    <subfield code="r">2023-04-11 00:00:00</subfield>
    <subfield code="v">80.00</subfield>
    <subfield code="w">2003-11-19</subfield>
    <subfield code="y">BK</subfield>
    <subfield code="z">B04556</subfield>
  </datafield>
</record>
